Handbook of interview research : context and method
Αποθηκεύτηκε σε:
| Άλλοι συγγραφείς: | , |
|---|---|
| Μορφή: | Βιβλίο |
| Γλώσσα: | English |
| Δημοσίευση: |
Thousand Oaks :
Sage,
2001
|
| Θέματα: | |
| Ετικέτες: |
Προσθήκη ετικέτας
Δεν υπάρχουν, Καταχωρήστε ετικέτα πρώτοι!
|
MARC
| LEADER | 00000nam a2200000 i 4500 | ||
|---|---|---|---|
| 001 | 1/60648 | ||
| 008 | 040914s2001 eng d | ||
| 020 | |a 0-7619-1951-1 | ||
| 035 | |l 10074331 | ||
| 040 | |a GR-MY-UA |b gre |e aacr | ||
| 041 | 0 | |a eng | |
| 082 | 0 | |a 158.39 | |
| 245 | 1 | 0 | |a Handbook of interview research : |b context and method / |c editors Jaber F. Gubrium, James A. Holstein |
| 260 | |a Thousand Oaks : |b Sage, |c 2001 | ||
| 300 | |a 981 p. | ||
| 504 | |a Includes bibliographical references and indexes | ||
| 650 | 0 | 0 | |a Interviewing |x Handbooks, manuals, etc. |
| 700 | 1 | |a Gubrium, Jaber F. |4 edt | |
| 700 | 1 | |a Holstein, James A. |4 edt | |
| 852 | |a INST |b RHODES |e 20040914 |h 158.39 HAN |p 005400018601 |q 005400018601 |t BK |y 0 | ||
| 901 | |a BIBL4-2004-3 | ||
| 909 | |a Ρ |b 113190 | ||
| 922 | |a 4ΕΛΗ |b 200408 |c ΕΠΕΑΕΚ2/ΠΤΔΕ |d ΜΙΧΑΛΟΠΟΥΛΟΣ | ||
| 950 | |a 095-2004-06-16 | ||
| 970 | |a ΚΟΥΛΑΚΙΟΤΗ |b ΛΙΤΣΑ |z 2004/09/16 | ||